000 00625nam a2200205Ia 4500
003 GCL
008 140319s9999 xx 000 0 ara d
040 _aGCL /
_cGCL
082 0 4 _a338.9
_bح د
100 1 _aحسين عيد
245 1 0 _aدراسات فى التنمية والتخطيط /
_cحسين عيد
300 _a274
490 _aكتاب
_v0
650 0 4 _aالتنمية الاجتماعية
650 0 4 _aالتنمية الاقتصادية
650 0 4 _aالجوانب الاجتماعية
650 0 4 _aالتغير الاجتماعى
650 0 4 _aالتخطيط الاجتماعى
942 _2ddc
_cBK
999 _c42873
_d42873